Основы частной хирургии / (Record no. 77740)
[ view plain ]
| 000 -LEADER | |
|---|---|
| fixed length control field | 01349nam a2200253 u 4500 |
| 001 - CONTROL NUMBER | |
| control field | 000221618 |
| 003 - CONTROL NUMBER IDENTIFIER | |
| control field | AM-YeHGA |
| 005 - DATE AND TIME OF LATEST TRANSACTION | |
| control field | 20250617124359.0 |
| 008 - FIXED-LENGTH DATA ELEMENTS--GENERAL INFORMATION | |
| fixed length control field | 030502s1975 ||||||||||||||||||||rus d |
| 040 ## - CATALOGING SOURCE | |
| Original cataloging agency | AM-YeHGA |
| 090 ## - LOCALLY ASSIGNED LC-TYPE CALL NUMBER (OCLC); LOCAL CALL NUMBER (RLIN) | |
| -- | 78982 |
| 100 1# - MAIN ENTRY--PERSONAL NAME | |
| Personal name | Русаков, Вадим Иванович |
| 245 10 - TITLE STATEMENT | |
| Title | Основы частной хирургии / |
| Statement of responsibility, etc. | В.И. Русаков. |
| 260 ## - PUBLICATION, DISTRIBUTION, ETC. | |
| Place of publication, distribution, etc. | Ростов : |
| Name of publisher, distributor, etc. | Изд-во Рост. ун-та, |
| Date of publication, distribution, etc. | 1975. |
| 300 ## - PHYSICAL DESCRIPTION | |
| Extent | Т. ; |
| Dimensions | 22 см. |
| 505 10 - FORMATTED CONTENTS NOTE | |
| Miscellaneous information | Т. 1 (1975, 428 с.: цв. ил. ; Библиогр.: с. 398-407 ; Алф. указ.: с. 408-414 ; Предм. указ.: с. 415-428.) |
| -- | Т. 2 (1976, 456 с.: цв. ил.) |
| -- | Т. 3 (1977, 476 с.: цв. ил.) |
| 650 14 - SUBJECT ADDED ENTRY--TOPICAL TERM | |
| Topical term or geographic name entry element | Хирургия |
| 650 14 - SUBJECT ADDED ENTRY--TOPICAL TERM | |
| Topical term or geographic name entry element | Пищеварительной системы болезни |
| General subdivision | Этиология |
| -- | Диагностика |
| -- | Хирургия |
| 650 14 - SUBJECT ADDED ENTRY--TOPICAL TERM | |
| Topical term or geographic name entry element | Желудочно-кишечные хирургические операции |
| General subdivision | Методы |
| 650 14 - SUBJECT ADDED ENTRY--TOPICAL TERM | |
| Topical term or geographic name entry element | Щитовидной железы болезни |
| General subdivision | Этиология |
| -- | Диагностика |
| -- | Хирургия |
| 650 14 - SUBJECT ADDED ENTRY--TOPICAL TERM | |
| Topical term or geographic name entry element | Тиреоидэктомия |
| General subdivision | Методы |
| 650 14 - SUBJECT ADDED ENTRY--TOPICAL TERM | |
| Topical term or geographic name entry element | Молочной железы болезни |
| General subdivision | Этиология |
| -- | Диагностика |
| -- | Хирургия |
| 650 14 - SUBJECT ADDED ENTRY--TOPICAL TERM | |
| Topical term or geographic name entry element | Мастэктомия |
| General subdivision | Методы |
| Withdrawn status | Lost status | Source of classification or shelving scheme | Damaged status | Not for loan | Collection | Home library | Current library | Date acquired | Serial enumeration / chronology | Total checkouts | Full call number | Barcode | Date last seen | Price effective from | Koha item type | Public note |
|---|---|---|---|---|---|---|---|---|---|---|---|---|---|---|---|---|
| Universal Decimal Classification | General | Fundamental Scientific Library | Fundamental Scientific Library | 22/12/2016 | Т. 1 | PII/369083 | FL0338108 | 22/12/2016 | 22/12/2016 | Գրքեր / Books | 30 Days Loan | |||||
| Universal Decimal Classification | General | Fundamental Scientific Library | Fundamental Scientific Library | 22/12/2016 | Т. 3 | PII/405999 | FL0420947 | 22/12/2016 | 22/12/2016 | Գրքեր / Books | 30 Days Loan | |||||
| General | Fundamental Scientific Library | Fundamental Scientific Library | 22/12/2016 | Т. 2 | РII/401438 | FL0412326 | 22/12/2016 | 22/12/2016 | Գրքեր / Books | 30 Days Loan |
ՀՀ Գիտությունների ազգային ակադեմիայի հիմնարար գիտական գրադարան = Fundamental Scientific Library of NAS RA
All site content, except where otherwise noted, is licensed under a